000 01373nam a2200433 i 4500
001 45469
003 KOSZ 005
005 20220929080513.0
008 010412s2001 pl |000 0 pol
015 _aUWD 2001/7033
020 _a8320813360
035 _a991016010399705066
035 _a(PL-WaBN)b14298806-48omnis_nlop
035 _ab14298806
035 _a(OCoLC)830239092
035 _a(PL)b0000001429880
035 _a(EXLNZ-48OMNIS_NETWORK)9910194007605606
040 _aWA N
_cWA N
_dKOSZ 005/HR
041 0 _apol
046 _k2001
080 _a336
080 _a(03)
245 0 0 _aLeksykon finansów /
_ckom. red. Jan Głuchowski (przewodn.) [et al.].
260 _aWarszawa :
_bPolskie Wydawnictwo Ekonomiczne,
_c2001.
300 _a368 s. ;
_c24 cm.
336 _aTekst
_btxt
_2rdacontent
337 _aBez urządzenia pośredniczącego
_bn
_2rdamedia
338 _aWolumin
_bnc
_2rdacarrier
380 _aKsiążki
388 _a2001-
650 7 _aFinanse
_2DBN
655 7 _aEncyklopedia
_2DBN
658 _aGospodarka, ekonomia, finanse
700 1 _aGłuchowski, Jan
_d(1940- )
_eRedakcja
710 2 _aPolskie Wydawnictwo Ekonomiczne
_4pbl
856 _uhttp://koha.tu.koszalin.pl/cgi-bin/koha/opac-detail.pl?biblionumber=45469
_yKatalog online BPK
942 _2UKD
_cKS
999 _c45469
_d45469